000 00545nam a2200169Ia 4500
005 20250508154009.0
008 008 250505s9999 xx 000 0 eng d
037 _aBooks to be hide in OPAC
040 _aFEDL
_beng
_cFEDL
041 _aeng
_2eng
084 _a371.1, MYS/O
_qFEDL
245 0 _aReport of the regional seminar of head masters and educational officers : Held at the Maharaja's college Mysore 1st to 23rd May 1956
260 _c1956
300 _a196p.
942 _cHB
_h371.1, MYS/O
999 _c1346904
_d1346904